[Event "Jm KP I 23-24 Univerzita B-Letovice"]
[Site "?"]
[Date "2023.11.26"]
[Round "16.1"]
[White "Gajdos, Daniel"]
[Black "Havel, Jan"]
[Result "1-0"]
[WhiteElo "2096"]
[BlackElo "1629"]
[PlyCount "163"]

1. Nf3 Nf6 2. g3 g6 3. b3 Bg7 4. Bb2 O-O 5. Bg2 c5 6. O-O d6 7. c4 Nc6 8. d4
cxd4 9. Nxd4 Bd7 10. Nc3 Qc8 11. Rc1 Bh3 12. Nd5 Bxg2 13. Nxc6 Nxd5 14. cxd5
bxc6 15. Bxg7 Bxf1 16. Bxf8 Bxe2 17. Qxe2 Kxf8 18. dxc6 Qc7 19. b4 Qb6 20. Qg4
Qc7 21. Qd7 Rc8 22. Qxc7 Rxc7 23. b5 d5 24. Kf1 e6 25. a4 Ke7 26. a5 Kd6 27.
Ke2 Rc8 28. Kd3 Kc7 29. Kd4 Kd6 30. f4 f6 31. Kd3 Rc7 32. Rc2 Rc8 33. Rc3 Rc7
34. Rb3 Rc8 35. Rb1 Kc5 36. Rb2 Kd6 37. Rc2 Rc7 38. Kd2 Rc8 39. g4 Rc7 40. Kd3
Rc8 41. h4 Rc7 42. g5 f5 43. Kd4 Rc8 44. a6 Rc7 45. Rb2 Rc8 46. b6 axb6 47.
Rxb6 Ra8 48. c7+ Kd7 49. Ke5 Ra7 50. Rxe6 Rxc7 51. Rd6+ Kc8 52. Kxd5 Kb8 53.
Rc6 Rd7+ 54. Kc5 Ka7 55. Rd6 Re7 56. Kb5 Rc7 57. Rd4 Re7 58. Ra4 Re6 59. Kc5
Rxa6 60. Rxa6+ Kxa6 61. Kd5 Kb6 62. Ke5 Kc5 63. Kf6 Kd5 64. Kg7 Ke4 65. Kxh7
Kxf4 66. h5 gxh5 67. g6 Ke3 68. g7 f4 69. g8=Q f3 70. Qg5+ Ke2 71. Qxh5 Ke3 72.
Qe5+ Kd2 73. Qf4+ Ke2 74. Qe4+ Kf2 75. Kg6 Kg3 76. Qe5+ Kg2 77. Qg5+ Kf1 78.
Qb5+ Kg1 79. Qb1+ Kg2 80. Qe4 Kg3 81. Kf5 f2 82. Qh1 1-0

[Event "Jm KP I 23-24 Univerzita B-Letovice"]
[Site "?"]
[Date "2023.11.26"]
[Round "16.2"]
[White "Handl, Martin"]
[Black "Ibrahim, Emad Eldin"]
[Result "0-1"]
[WhiteElo "1999"]
[BlackElo "2000"]
[PlyCount "46"]

1. e4 c5 2. Nf3 g6 3. d4 cxd4 4. Nxd4 Nc6 5. Nc3 Bg7 6. Be3 Nf6 7. Be2 O-O 8.
O-O d5 9. Nxc6 bxc6 10. e5 Ne8 11. f4 f6 12. exf6 Bxf6 13. Bd4 Nd6 14. Bxf6
Rxf6 15. Nxd5 cxd5 16. Qxd5+ Be6 17. Qd2 Qb6+ 18. Kh1 Qxb2 19. Bf3 Rc8 20. Bd5
Qxc2 21. Bxe6+ Rxe6 22. Qd5 Qc4 23. Qd2 Re2 0-1

[Event "Jm KP I 23-24 Univerzita B-Letovice"]
[Site "?"]
[Date "2023.11.26"]
[Round "16.3"]
[White "Moulis, Mojmir"]
[Black "Pucalka, Vojtech"]
[Result "1-0"]
[WhiteElo "2053"]
[BlackElo "1902"]
[PlyCount "47"]

1. e4 c6 2. d4 d5 3. exd5 cxd5 4. Bd3 Nc6 5. Nf3 g6 6. c3 Nh6 7. O-O Bg7 8. Re1
O-O 9. Nbd2 Nf5 10. Nf1 Qd6 11. Ne3 Nxe3 12. Bxe3 Bg4 13. h3 Bxf3 14. Qxf3 a6
15. Rad1 b5 16. a3 Rac8 17. Bf4 Qd7 18. h4 f6 19. Qg3 e5 20. dxe5 fxe5 21. Bg5
Qf7 22. Bb1 e4 23. Ba2 Be5 24. Qe3 1-0

[Event "Jm KP I 23-24 Univerzita B-Letovice"]
[Site "?"]
[Date "2023.11.26"]
[Round "16.4"]
[White "Marek, Jiri"]
[Black "Hladik, Josef"]
[Result "1/2-1/2"]
[WhiteElo "1893"]
[BlackElo "2009"]
[PlyCount "74"]

1. e4 d5 2. d4 dxe4 3. Nc3 Nf6 4. Bg5 Nbd7 5. f3 exf3 6. Nxf3 e6 7. Bd3 Be7 8.
Qe2 O-O 9. O-O-O Nd5 10. Bxe7 Nxc3 11. Bxd8 Nxe2+ 12. Bxe2 Rxd8 13. Ne5 f6 14.
Nc4 b6 15. Ne3 Bb7 16. Bc4 Nf8 17. d5 Bc8 18. Rd2 Kh8 19. Rhd1 e5 20. g4 Ng6
21. d6 cxd6 22. Rxd6 Rxd6 23. Rxd6 Bb7 24. Rd7 Bf3 25. a4 Nf4 26. Re7 h6 27. b3
Ng6 28. Rc7 Nf4 29. Kb2 Ng2 30. Nf5 Bxg4 31. Nxg7 Ne3 32. Bd3 f5 33. Ne6 Re8
34. Ng7 Rg8 35. Ne6 Re8 36. Ng7 Rg8 37. Ne6 Re8 1/2-1/2

[Event "Jm KP I 23-24 Univerzita B-Letovice"]
[Site "?"]
[Date "2023.11.26"]
[Round "16.5"]
[White "Uhmann, Jan"]
[Black "Mizak, Jan"]
[Result "0-1"]
[WhiteElo "1949"]
[BlackElo "1835"]
[PlyCount "90"]

1. e4 c5 2. Nf3 d6 3. d4 cxd4 4. Nxd4 Nf6 5. Nc3 g6 6. Be3 Bg7 7. Qd2 Ng4 8.
Bg5 h6 9. Bh4 Nc6 10. Nb3 Be6 11. h3 Nge5 12. Nd5 g5 13. Bg3 a6 14. Be2 b5 15.
Nd4 Nxd4 16. h4 Nxe2 17. Qxe2 Bxd5 18. exd5 Qa5+ 19. c3 b4 20. c4 b3+ 21. Kf1
bxa2 22. b3 Qc3 23. Qxa2 O-O 24. hxg5 hxg5 25. Rd1 Rfb8 26. Bxe5 Bxe5 27. Rh3
Qb2 28. Qa4 g4 29. Re3 Kg7 30. Qd7 Rxb3 31. Qxg4+ Kf8 32. Re2 Qc3 33. Rde1 Rab8
34. Re3 Qc2 35. Rxb3 Qxb3 36. Kg1 Qc3 37. Rf1 Qd3 38. Rd1 Qc2 39. g3 a5 40. Re1
a4 41. Qh4 Rb1 42. Rxb1 Qxb1+ 43. Kg2 a3 44. Qh6+ Bg7 45. Qh3 Qb8 0-1

[Event "Jm KP I 23-24 Univerzita B-Letovice"]
[Site "?"]
[Date "2023.11.26"]
[Round "16.6"]
[White "Kulhavy, Frantisek"]
[Black "Navratil, Jiri"]
[Result "0-1"]
[WhiteElo "1815"]
[BlackElo "1942"]
[PlyCount "74"]

1. e4 e6 2. d4 d5 3. exd5 exd5 4. Nf3 Bd6 5. Bd3 Bg4 6. h3 Bh5 7. O-O Nd7 8.
Re1+ Ne7 9. Bg5 f6 10. Be3 c6 11. Nbd2 O-O 12. Nf1 Bf7 13. Ng3 g6 14. c3 Qc7
15. Ne2 Rfe8 16. Qd2 Nf8 17. Bf4 Ne6 18. Bxd6 Qxd6 19. Nh2 Kg7 20. Ng4 Ng8 21.
Ng3 h5 22. Ne3 Nh6 23. Bc2 Rad8 24. Ne2 Qc7 25. Nf1 Ng5 26. h4 Ne4 27. Qf4 Qd7
28. Neg3 Nxg3 29. Nxg3 Re7 30. Rxe7 Qxe7 31. Kf1 Re8 32. Qd2 Ng4 33. Qd3 f5 34.
Kg1 Qxh4 35. Qf3 Qh2+ 36. Kf1 h4 37. Bxf5 hxg3 0-1

[Event "Jm KP I 23-24 Univerzita B-Letovice"]
[Site "?"]
[Date "2023.11.26"]
[Round "16.7"]
[White "Riha, Otmar"]
[Black "Matuska, Vlado"]
[Result "1-0"]
[WhiteElo "1922"]
[BlackElo "1362"]
[PlyCount "69"]

1. e4 c6 2. Nc3 d5 3. Nf3 Bg4 4. h3 Bh5 5. d4 e6 6. Be3 Bg6 7. Bd3 Nf6 8. e5
Bxd3 9. Qxd3 Nfd7 10. O-O Na6 11. Ne2 c5 12. c3 c4 13. Qc2 Nc7 14. Bg5 Be7 15.
Bxe7 Qxe7 16. Nd2 b5 17. f4 g6 18. Nf3 f6 19. exf6 Nxf6 20. Ng3 Nd7 21. Rae1
O-O-O 22. a4 a6 23. axb5 axb5 24. b3 Qd6 25. Ne5 Nxe5 26. fxe5 Qe7 27. bxc4
dxc4 28. Ne4 Rhf8 29. Qb2 Rxf1+ 30. Rxf1 Kb7 31. Nd6+ Kc6 32. Rf7 Qh4 33. Qb4
Qe1+ 34. Kh2 Qxe5+ 35. dxe5 1-0

[Event "Jm KP I 23-24 Univerzita B-Letovice"]
[Site "?"]
[Date "2023.11.26"]
[Round "16.8"]
[White "Brabec, Vlastimil"]
[Black "Sebek, Jan"]
[Result "0-1"]
[WhiteElo "1321"]
[BlackElo "1864"]
[PlyCount "100"]

1. d4 Nf6 2. Bf4 d6 3. e3 g6 4. c3 Bg7 5. h3 O-O 6. Bd3 Nbd7 7. Nf3 b6 8. O-O
Bb7 9. Nbd2 c5 10. Qe2 Re8 11. a4 e5 12. dxe5 dxe5 13. Nxe5 Nxe5 14. Bb5 Re7
15. Rfd1 Qd5 16. e4 Qe6 17. f3 a6 18. Bc4 Nxc4 19. Qxc4 Qc6 20. Re1 Rd8 21.
Rad1 b5 22. axb5 axb5 23. Qe2 Nh5 24. Bg5 f6 25. Bh4 g5 26. Bf2 Nf4 27. Qf1 Nd3
28. Nb3 Red7 29. Re3 Nxb2 30. Rxd7 Rxd7 31. Qe2 Nc4 32. Rd3 Rxd3 33. Qxd3 Bf8
34. Qd8 Qd6 35. Qxd6 Bxd6 36. Bxc5 Bxc5+ 37. Nxc5 Ba8 38. Kf2 Kf7 39. Ke2 Ke7
40. Kd3 h5 41. Kd4 Bc6 42. Nb3 Kd6 43. Nc5 h4 44. Nd3 Na3 45. Nb4 Bd7 46. Nd5
Nc2+ 47. Kd3 Ne1+ 48. Ke2 Nxg2 49. Nxf6 Nf4+ 50. Ke3 Nxh3 0-1

[Event "Jm KP I 23-24 Kurim A-Rudice"]
[Site "Kurim"]
[Date "2023.11.26"]
[Round "17.1"]
[White "Majer, Jiri"]
[Black "Rada, Michal"]
[Result "1/2-1/2"]
[WhiteElo "2206"]
[BlackElo "2093"]
[PlyCount "35"]

1. d4 d5 2. Nf3 Nf6 3. g3 g6 4. Bg2 Bg7 5. O-O O-O 6. Nbd2 c6 7. b3 Nbd7 8. Bb2
b6 9. c4 Bb7 10. Rc1 Rc8 11. e3 e6 12. Qe2 dxc4 13. Nxc4 Ba6 14. Rfd1 Qe7 15.
Qe1 c5 16. Ba3 Bxc4 17. Rxc4 b5 18. Rc2 (18. Rcc1 b4 19. Bb2 cxd4 20. Nxd4 Rxc1
21. Rxc1 Ne5 22. Qe2 h5 23. h3 h4 24. g4 Nd5 25. Qd2 g5 26. f4 gxf4 27. exf4
Nxf4 28. Qxf4 Nd3 29. Nc6 Qb7 30. Qg5 f6 31. Qg6 Nxb2 32. Be4 f5 33. Qxe6+ Kh8
34. Ne5 fxe4 35. Ng6+ Kh7 36. Nxf8+ Bxf8 37. Rc8 Kg7 38. Qe5+ Kg8 39. Qg5+ Qg7
40. Qd5+ Qf7 41. Qg5+) 1/2-1/2

[Event "Jm KP I 23-24 Kurim A-Rudice"]
[Site "Kurim"]
[Date "2023.11.27"]
[Round "17.2"]
[White "Hnilicka, Michal"]
[Black "Setina, Vclav"]
[Result "0-1"]
[WhiteElo "1835"]
[BlackElo "1908"]
[PlyCount "48"]

1. e4 c5 2. d4 cxd4 3. c3 d3 4. Bxd3 Nc6 5. Nf3 g6 6. O-O Bg7 7. Bc4 d6 8. h3
Bd7 9. Ng5 Nh6 10. f4 O-O 11. Be3 Rc8 12. a3 Na5 13. Ba2 Nc4 14. Bxc4 Rxc4 15.
Qd5 b5 16. Bxa7 Bc6 17. Qd1 Qa8 18. Bd4 e5 19. b3 exd4 20. bxc4 dxc3 21. cxb5
Bxb5 22. Ra2 Bxf1 23. Kxf1 Qa6+ 24. Kf2 Qb6+ 0-1

[Event "Jm KP I 23-24 Kurim A-Rudice"]
[Site "Kurim"]
[Date "2023.11.26"]
[Round "17.3"]
[White "Pavlik, Vladimir"]
[Black "Saida, Jan"]
[Result "1/2-1/2"]
[WhiteElo "1980"]
[BlackElo "1785"]
[PlyCount "57"]

1. e4 e6 2. d4 d5 3. Nc3 Bb4 4. e5 c5 5. a3 Bxc3+ 6. bxc3 Qa5 7. Bd2 c4 8. Qg4
g6 9. h4 h5 10. Qd1 Nc6 11. Nf3 Bd7 12. Be2 Nce7 13. O-O Nf5 14. Re1 Ba4 15.
Rb1 b5 16. g3 Kd7 17. Ng5 Rf8 18. Bf3 Nge7 19. Nh3 Re8 20. Nf4 Kc6 21. Ne2 a6
22. Bg5 Rhg8 23. Qd2 Rh8 24. Nf4 Rhg8 25. Bf6 Kd7 26. Nh3 Nc6 27. Rbd1 Nd8 28.
Ng5 Qc7 29. Bg2 1/2-1/2

[Event "Jm KP I 23-24 Kurim A-Rudice"]
[Site "Kurim"]
[Date "2023.11.26"]
[Round "17.4"]
[White "Matuska, Jan"]
[Black "Parak, Dominik"]
[Result "1/2-1/2"]
[WhiteElo "1833"]
[BlackElo "2037"]
[PlyCount "43"]

1. e4 e6 2. d4 d5 3. Nc3 Bb4 4. exd5 exd5 5. Bd3 Nf6 6. Nge2 O-O 7. O-O c6 8.
a3 Bd6 9. Bf4 Re8 10. Bxd6 Qxd6 11. Ng3 Qf4 12. Nce2 Qc7 13. f3 Nbd7 14. Qd2
Nf8 15. Nf4 Bd7 16. Rae1 Ng6 17. Nxg6 hxg6 18. c3 Qd6 19. Rxe8+ Rxe8 20. Re1
Rxe1+ 21. Qxe1 Qf4 22. Bc2 1/2-1/2

[Event "Jm KP I 23-24 Kurim A-Rudice"]
[Site "Kurim"]
[Date "2023.11.26"]
[Round "17.5"]
[White "Petricek, Lukas"]
[Black "Nejezchleb, Drahos"]
[Result "1-0"]
[WhiteElo "2052"]
[BlackElo "2006"]
[PlyCount "49"]

1. e4 e6 2. d4 d5 3. e5 c5 4. c3 Nc6 5. Nf3 Qb6 6. Be2 Bd7 7. O-O cxd4 8. cxd4
Nge7 9. Na3 Nf5 10. Nc2 Be7 11. Rb1 Nb4 12. Nxb4 Bxb4 13. g4 Nh6 14. Bxh6 gxh6
15. Qc1 Bf8 16. Qf4 Bg7 17. Rfc1 O-O 18. Kh1 f6 19. Qe3 fxe5 20. Nxe5 Qd6 21.
Rg1 Kh8 22. g5 hxg5 23. Qxg5 Bf6 24. Qg8+ Rxg8 25. Nf7# 1-0

[Event "Jm KP I 23-24 Kurim A-Rudice"]
[Site "Kurim"]
[Date "2023.11.26"]
[Round "17.6"]
[White "Toulec, Richard"]
[Black "Krena, Bohuslav"]
[Result "1/2-1/2"]
[WhiteElo "1703"]
[BlackElo "1899"]
[PlyCount "30"]

1. d4 e6 2. Nf3 d5 3. Bf4 f5 4. e3 Nf6 5. Nbd2 Be7 6. Bd3 O-O 7. O-O Ne4 8. h3
b6 9. c4 c5 10. cxd5 exd5 11. dxc5 bxc5 12. Ne5 Qb6 13. Bxe4 fxe4 14. Nxe4 Be6
15. Nc3 Rd8 1/2-1/2

[Event "Jm KP I 23-24 Kurim A-Rudice"]
[Site "MyTown"]
[Date "2023.11.26"]
[Round "17.7"]
[White "Horak, Bronislav"]
[Black "Klinkovsky, Jiri"]
[Result "1-0"]
[WhiteElo "1890"]
[BlackElo "1646"]
[PlyCount "81"]
[EventDate "2023.??.??"]

1. e4 e5 2. Nf3 Nc6 3. Bc4 Bc5 4. O-O h6 5. c3 Qf6 6. d3 Nge7 7. Be3 Bb6 8. d4
Ng6 9. Na3 a6 10. Bb3 Ba7 11. d5 Nce7 12. d6 cxd6 13. Nc4 d5 14. exd5 b5 15.
Ncd2 Bxe3 16. fxe3 Qb6 17. Qe1 d6 18. Kh1 Nf5 19. Ne4 Ke7 20. c4 bxc4 21. Ba4
Rb8 22. Nfd2 Qxe3 23. Nxc4 Qxe1 24. Raxe1 Rb4 25. b3 Rd8 26. a3 Rb8 27. Ned2 f6
28. Na5 Nd4 29. Rc1 Nf8 30. Rc7+ Bd7 31. Nc6+ Nxc6 32. dxc6 Rdc8 33. Ra7 Kd8
34. cxd7 Rc2 35. Nc4 Ne6 36. Nxd6 Rc7 37. Rxc7 Kxc7 38. Ne8+ Kd8 39. Rc1 f5 40.
Nd6 e4 41. Rc8+ 1-0

[Event "Jm KP I 23-24 Kurim A-Rudice"]
[Site "?"]
[Date "2023.11.26"]
[Round "17.8"]
[White "Sevcik, Martin"]
[Black "Kriz, Tomas"]
[Result "0-1"]
[WhiteElo "1563"]
[BlackElo "1797"]
[PlyCount "70"]

1. e4 e5 2. Nf3 Nc6 3. Bb5 a6 4. Ba4 Nf6 5. O-O Be7 6. Re1 b5 7. Bb3 O-O 8. c3
d5 9. h3 dxe4 10. Ng5 h6 11. Nxe4 Nxe4 12. Rxe4 Bf5 13. Re3 e4 14. Bc2 Qd5 15.
Qh5 Bg5 16. d4 exd3 17. Bb3 Qd6 18. Nd2 Bg6 19. Qg4 Bxe3 20. fxe3 Ne5 21. Qg3
c5 22. a4 c4 23. Bd1 Qe7 24. b3 Rfe8 25. Nf3 Nxf3+ 26. Bxf3 Rad8 27. Bd2 cxb3
28. axb5 axb5 29. Bc6 Rf8 30. Bxb5 Ra8 31. Rb1 Ra2 32. Qe1 Qa3 33. Bc4 b2 34.
Bxa2 Qxa2 35. c4 Rb8 0-1

[Event "Jm KP I 23-24 Kurim B - Hodonin"]
[Site "Kurim"]
[Date "2023.11.26"]
[Round "18.1"]
[White "Soucek, Andrej"]
[Black "Havelka, Ondrej"]
[Result "0-1"]
[WhiteElo "1812"]
[BlackElo "2133"]
[PlyCount "48"]

1. e4 e6 2. d4 d5 3. Nd2 c5 4. Ngf3 a6 5. exd5 exd5 6. dxc5 Bxc5 7. Nb3 Bb6 8.
Be2 Nf6 9. O-O O-O 10. Bg5 Nc6 11. c3 Re8 12. Nfd4 Qd6 13. Bh4 Ne4 14. Bf3 Ne5
15. Bg3 Qg6 16. Re1 Bd7 17. Nd2 Nd3 18. Re3 Nxg3 19. Rxe8+ Rxe8 20. hxg3 Re1+
21. Qxe1 Nxe1 22. Rxe1 Bxd4 23. cxd4 Kf8 24. Bxd5 Qg5 0-1

[Event "Jm KP I 23-24 Kurim B - Hodonin"]
[Site "Kurim"]
[Date "2023.11.26"]
[Round "18.2"]
[White "Pesak, Roman"]
[Black "Dumkova, Daniela"]
[Result "0-1"]
[WhiteElo "1906"]
[BlackElo "1899"]
[PlyCount "88"]

1. e4 c5 2. Nf3 d6 3. d4 cxd4 4. Nxd4 Nf6 5. Nc3 a6 6. Be2 e5 7. Nf3 Be7 8. O-O
Qc7 9. Bg5 Nbd7 10. Qd2 b5 11. a3 Bb7 12. Bd3 h6 13. Bh4 O-O 14. Rad1 Rac8 15.
Rfe1 Nb6 16. Bf1 Rfd8 17. Qe3 Nc4 18. Bxc4 Qxc4 19. Nd2 Qc7 20. Qe2 Nxe4 21.
Ncxe4 Bxh4 22. c3 f5 23. Qh5 fxe4 24. Qxh4 d5 25. Qg4 Rf8 26. Re2 Kh8 27. Nf1
Rf4 28. Qg3 Rcf8 29. Ne3 Qc5 30. Red2 Kh7 31. Nxd5 Bxd5 32. Rxd5 Qxf2+ 33. Qxf2
Rxf2 34. Rxe5 Re2 35. Rf1 Rd8 36. Re7 Rdd2 37. Rff7 Rxg2+ 38. Kf1 Rxb2 39. h3
Rg3 40. Rc7 e3 41. Rfe7 h5 42. h4 Rc2 43. Rf7 e2+ 44. Kf2 Rg2+ 0-1

[Event "Jm KP I 23-24 Kurim B - Hodonin"]
[Site "Kurim"]
[Date "2023.11.26"]
[Round "18.3"]
[White "Kudla, Vladimir"]
[Black "Provaznik, Michal"]
[Result "1/2-1/2"]
[WhiteElo "1871"]
[BlackElo "2083"]
[PlyCount "50"]

1. e4 c5 2. c3 e6 3. Nf3 d5 4. exd5 exd5 5. Bb5+ Bd7 6. Bxd7+ Nxd7 7. O-O Bd6
8. d4 Ne7 9. Bg5 f6 10. Bh4 O-O 11. Bg3 Bxg3 12. hxg3 Qb6 13. Qb3 c4 14. Qc2
Rae8 15. Nbd2 Qd6 16. Rfe1 Nc6 17. Nh4 Rxe1+ 18. Rxe1 f5 19. Nhf3 Qh6 20. Nf1
Qh5 21. Qe2 Nf6 22. Ne5 Qxe2 23. Rxe2 Re8 24. f3 g6 25. Kf2 Kf8 1/2-1/2

[Event "Jm KP I 23-24 Kurim B - Hodonin"]
[Site "Kurim"]
[Date "2023.11.26"]
[Round "18.4"]
[White "Kladnak, Martin"]
[Black "Pesl, Jan"]
[Result "1/2-1/2"]
[WhiteElo "2023"]
[BlackElo "1793"]
[PlyCount "33"]

1. e4 c6 2. Nc3 d5 3. Nf3 Bg4 4. h3 Bxf3 5. Qxf3 e6 6. exd5 cxd5 7. Qg3 a6 8.
d3 Nc6 9. Bd2 Qd6 10. Qxd6 Bxd6 11. Ne2 Nge7 12. c3 Rc8 13. g3 Nf5 14. Bg2 O-O
15. O-O b5 16. Rfd1 Rfd8 17. Rac1 1/2-1/2

[Event "Jm KP I 23-24 Kurim B - Hodonin"]
[Site "Kurim"]
[Date "2023.11.26"]
[Round "18.5"]
[White "Krupica, Ales"]
[Black "Travnicek, Petr"]
[Result "0-1"]
[WhiteElo "1750"]
[BlackElo "2074"]
[PlyCount "34"]

1. c4 Nf6 2. Nc3 g6 3. g3 Bg7 4. Bg2 O-O 5. Nf3 d6 6. O-O c5 7. d3 Nc6 8. Bd2
Rb8 9. Rb1 a6 10. Ng5 Bd7 11. a4 Ne8 12. f4 Nc7 13. Nd5 b5 14. Ba5 Nxa5 15.
axb5 Nxd5 16. Bxd5 e6 17. Bg2 axb5 0-1

[Event "Jm KP I 23-24 Kurim B - Hodonin"]
[Site "Kurim"]
[Date "2023.11.26"]
[Round "18.6"]
[White "Vlcko, Tomas"]
[Black "Bauer, Miroslav"]
[Result "1-0"]
[WhiteElo "1850"]
[BlackElo "1709"]
[PlyCount "77"]

1. Nf3 c5 2. g3 Nc6 3. Bg2 g6 4. d3 Bg7 5. c4 Nf6 6. Nc3 O-O 7. O-O d5 8. cxd5
Nxd5 9. Nxd5 Qxd5 10. Ng5 Qd8 11. Ne4 Qb6 12. Rb1 Be6 13. b3 Rad8 14. Bb2 Nb4
15. Bxg7 Kxg7 16. Qd2 Nd5 17. Rfc1 Rc8 18. Ng5 Rc7 19. Rc4 Rfc8 20. Nxh7 Rh8
21. Ng5 Nf6 22. Nxe6+ Qxe6 23. Rbc1 b6 24. b4 Ng4 25. Qb2+ Kg8 26. h3 Nf6 27.
bxc5 bxc5 28. Rxc5 Rxc5 29. Rxc5 Kh7 30. Rc4 Rc8 31. Rh4+ Kg7 32. g4 Kg8 33. g5
Nh7 34. Re4 Qd6 35. h4 Rb8 36. Qe5 Qxe5 37. Rxe5 Kf8 38. Ra5 Rb4 39. Be4 1-0

[Event "Jm KP I 23-24 Kurim B - Hodonin"]
[Site "Kurim"]
[Date "2023.11.26"]
[Round "18.7"]
[White "Cihal, Jan"]
[Black "Taptic, Filip"]
[Result "1/2-1/2"]
[WhiteElo "1746"]
[BlackElo "1835"]
[PlyCount "34"]

1. Nf3 d5 2. g3 Nf6 3. Bg2 g6 4. O-O Bg7 5. d3 O-O 6. c3 Re8 7. Qc2 e5 8. e4
Nc6 9. Bg5 Be6 10. Nbd2 h6 11. Bxf6 Bxf6 12. Rfe1 Bg7 13. Rad1 Qd7 14. Nb3 b6
15. d4 dxe4 16. Nxe5 Nxe5 17. dxe5 Qa4 1/2-1/2

[Event "Jm KP I 23-24 Kurim B - Hodonin"]
[Site "Kurim"]
[Date "2023.11.26"]
[Round "18.8"]
[White "Ling, Bronislav"]
[Black "Krupica, Pavel"]
[Result "0-1"]
[WhiteElo "1769"]
[BlackElo "1806"]
[PlyCount "60"]

1. d4 d5 2. c4 c6 3. Nf3 Nf6 4. Nc3 e6 5. Bg5 dxc4 6. e3 b5 7. a4 Bb4 8. Be2
Bb7 9. O-O a6 10. Ne5 Nbd7 11. Qc2 Be7 12. Rfd1 O-O 13. Bf3 Qc7 14. Ng4 Rfe8
15. Bf4 Qc8 16. Ne5 Nf8 17. Ne4 Ng6 18. Bg3 Nxe4 19. Qxe4 Nxe5 20. Bxe5 Rd8 21.
Qg4 Bf8 22. h4 c5 23. Bxb7 Qxb7 24. dxc5 Rd5 25. Qg3 Rxc5 26. h5 Qe4 27. Bd4
Rxh5 28. axb5 axb5 29. Rxa8 Qxa8 30. Qc7 Rd5 0-1

[Event "Jm KP I 23-24 Loko Brno A-Hodonin"]
[Site "Brno"]
[Date "2023.12.10"]
[Round "19.1"]
[White "Kratochvil, Josef"]
[Black "Havelka, Ondrej"]
[Result "1-0"]
[WhiteElo "2232"]
[BlackElo "2155"]
[PlyCount "57"]
[Source "Analyze This Pr"]

1. e4 e6 2. d3 d5 3. Nd2 Nf6 4. Ngf3 c5 5. g3 Nc6 6. Bg2 g6 7. O-O Bg7 8. c3 b6
9. Re1 Bb7 10. a3 a5 11. e5 Nd7 12. d4 b5 13. Nf1 b4 14. c4 O-O 15. cxd5 exd5
16. Bg5 Qb8 17. Bh3 Bc8 18. Bf4 cxd4 19. Bxd7 Bxd7 20. e6 fxe6 21. Bxb8 Raxb8
22. Rc1 e5 23. Rxc6 Bxc6 24. Nxe5 bxa3 25. bxa3 Bxe5 26. Rxe5 Rb2 27. Qxd4 Rb1
28. Kg2 Bb5 29. Ne3 1-0

[Event "Jm KP I 23-24 Loko Brno A-Hodonin"]
[Site "Brno"]
[Date "2023.12.10"]
[Round "19.2"]
[White "Pesak, Roman"]
[Black "Meduna, Eduard"]
[Result "1/2-1/2"]
[WhiteElo "1903"]
[BlackElo "2108"]
[PlyCount "39"]
[Source "Analyze This Pr"]

1. e4 c5 2. Nf3 Nc6 3. d4 cxd4 4. Nxd4 e5 5. Nb5 d6 6. Bc4 Nf6 7. N5c3 Be6 8.
Bd3 d5 9. exd5 Nxd5 10. Nxd5 Bxd5 11. O-O Be7 12. Nc3 Be6 13. Be3 O-O 14. Qe2
a6 15. a3 Qc7 16. Kh1 Kh8 17. f4 exf4 18. Bxf4 Bd6 19. Bxd6 Qxd6 20. Rad1
1/2-1/2

[Event "Jm KP I 23-24 Loko Brno A-Hodonin"]
[Site "Brno"]
[Date "2023.12.10"]
[Round "19.3"]
[White "Cermak, Jan"]
[Black "Provaznik, Michal"]
[Result "1/2-1/2"]
[WhiteElo "2026"]
[BlackElo "2080"]
[PlyCount "35"]
[Source "Analyze This Pr"]

1. e4 c5 2. Nf3 e6 3. c3 d5 4. exd5 Qxd5 5. d4 Nf6 6. Be2 Nc6 7. O-O cxd4 8.
Nxd4 Nxd4 9. cxd4 Be7 10. Bf3 Qd8 11. Nc3 O-O 12. Bf4 Qb6 13. Na4 Qa5 14. Nc5
Nd5 15. Bxd5 exd5 16. Qe1 Qd8 17. Qe3 Bxc5 18. dxc5 1/2-1/2

[Event "Jm KP I 23-24 Loko Brno A-Hodonin"]
[Site "Brno"]
[Date "2023.12.10"]
[Round "19.4"]
[White "Kladnak, Martin"]
[Black "Hejny, Jaroslav"]
[Result "1-0"]
[WhiteElo "2026"]
[BlackElo "1999"]
[PlyCount "37"]
[Source "Analyze This Pr"]

1. e4 e5 2. Nf3 Nc6 3. Bb5 a6 4. Ba4 d6 5. c4 f5 6. d4 fxe4 7. Nxe5 Nge7 8.
Nxc6 bxc6 9. Bg5 Bd7 10. Nc3 Qb8 11. O-O Qb6 12. Nxe4 O-O-O 13. c5 dxc5 14.
Nxc5 h6 15. Bh4 g5 16. Bg3 Nd5 17. Rc1 Bd6 18. Bxd6 cxd6 19. Nxd7 1-0

[Event "Jm KP I 23-24 Loko Brno A-Hodonin"]
[Site "Brno"]
[Date "2023.12.10"]
[Round "19.5"]
[White "Dvoracek, Jan"]
[Black "Travnicek, Petr"]
[Result "0-1"]
[WhiteElo "1949"]
[BlackElo "2075"]
[PlyCount "52"]
[Source "Analyze This Pr"]

1. Nf3 Nf6 2. g3 g6 3. Bg2 Bg7 4. c4 d6 5. Nc3 c5 6. O-O O-O 7. a3 Nc6 8. Rb1
a5 9. d3 Rb8 10. Bd2 Ne8 11. h3 Nc7 12. Nd5 b5 13. Nxc7 Qxc7 14. cxb5 Rxb5 15.
Bc3 Bd7 16. d4 cxd4 17. Nxd4 Nxd4 18. Bxd4 Bxd4 19. Qxd4 Qc2 20. e3 Rc8 21.
Rfd1 Be6 22. Be4 Qe2 23. Bd3 Qh5 24. Bxb5 Qxb5 25. Kg2 Rc2 26. Rdc1 Qc6+ 0-1

[Event "Jm KP I 23-24 Loko Brno A-Hodonin"]
[Site "Brno"]
[Date "2023.12.10"]
[Round "19.6"]
[White "Skocik, Marek"]
[Black "Wunsch, Radek"]
[Result "1-0"]
[WhiteElo "1918"]
[BlackElo "1974"]
[PlyCount "87"]
[Source "Analyze This Pr"]

1. d4 Nf6 2. Bf4 d5 3. e3 c5 4. c3 Nc6 5. Nd2 Qb6 6. Qb3 c4 7. Qc2 g6 8. b3 Bf5
9. Qc1 cxb3 10. axb3 Rc8 11. Qb2 Bg7 12. Be2 O-O 13. Ngf3 Nh5 14. Bg5 e5 15.
Nh4 Be6 16. Bxh5 gxh5 17. Nhf3 e4 18. Ng1 f6 19. Bh4 Ne7 20. Bg3 Ng6 21. h4 a6
22. Ne2 Bh6 23. O-O f5 24. Nf4 Bxf4 25. Bxf4 Nxh4 26. f3 Ng6 27. Bh6 Rf7 28.
fxe4 fxe4 29. c4 Rcc7 30. cxd5 Bxd5 31. Rxf7 Rxf7 32. Rc1 Rc7 33. Rc3 Rc6 34.
Qc2 Rxc3 35. Qxc3 Qc6 36. Qa5 Qd7 37. Qb6 Kf7 38. Bg5 Qc6 39. Qd8 Qe6 40. Qc7+
Kg8 41. Bh6 Qe7 42. Qc8+ Nf8 43. Qf5 Qf7 44. Qg5+ 1-0

[Event "Jm KP I 23-24 Loko Brno A-Hodonin"]
[Site "Brno"]
[Date "2023.12.10"]
[Round "19.7"]
[White "Lukas, Frantisek"]
[Black "Vlcko, Tomas"]
[Result "1/2-1/2"]
[WhiteElo "1936"]
[BlackElo "1858"]
[PlyCount "93"]
[Source "Analyze This Pr"]

1. b3 c5 2. Bb2 Nc6 3. e3 d5 4. Nf3 Nf6 5. Bb5 a6 6. Bxc6+ bxc6 7. Ne5 Qc7 8.
O-O d4 9. exd4 cxd4 10. Bxd4 c5 11. Bb2 Bb7 12. d3 e6 13. Nd2 Bd6 14. Ndc4 O-O
15. Nxd6 Qxd6 16. Re1 Rad8 17. Qe2 Rfe8 18. h3 Qd5 19. Qf3 Qxe5 20. Bxe5 Bxf3
21. Bxf6 gxf6 22. gxf3 Rd5 23. Kh2 Rf5 24. Re3 Kf8 25. Rg1 h5 26. Kg2 Rd8 27.
Kf1 Rd4 28. Rg3 Rfd5 29. Re4 f5 30. Rxd4 Rxd4 31. Rg1 a5 32. a4 Rf4 33. Ke2 Rh4
34. Rh1 e5 35. Kf1 f6 36. c3 Kf7 37. Kg2 Rf4 38. Re1 Ke6 39. Kg3 h4+ 40. Kg2
Kd5 41. Re3 Kd6 42. Kf1 Kd5 43. Ke2 Kd6 44. Kd2 Kd5 45. Kc2 Kd6 46. Kd2 Kd5 47.
Kc2 1/2-1/2

[Event "Jm KP I 23-24 Loko Brno A-Hodonin"]
[Site "Brno"]
[Date "2023.12.10"]
[Round "19.8"]
[White "Taptic, Filip"]
[Black "Martisek, Karel"]
[Result "1/2-1/2"]
[WhiteElo "1844"]
[BlackElo "1767"]
[PlyCount "89"]
[Source "Analyze This Pr"]

1. e4 e5 2. f4 d5 3. exd5 exf4 4. Nf3 Be7 5. Bc4 Nd7 6. Nc3 Nb6 7. Bb3 Nf6 8.
d3 O-O 9. Bxf4 Nh5 10. Be3 Bh4+ 11. g3 Re8 12. Kf2 Be7 13. Qd2 Nf6 14. Bxb6
axb6 15. Rae1 Bh3 16. Re2 Qd7 17. Rhe1 Kf8 18. Ne5 Qf5+ 19. Kg1 Rad8 20. Rf2
Qc8 21. Nxf7 Bc5 22. Nxd8 Rxe1+ 23. Qxe1 Qxd8 24. Ne4 Bxf2+ 25. Qxf2 Qe7 26.
Ng5 Bd7 27. Nxh7+ Ke8 28. Nxf6+ gxf6 29. Qf3 Qe1+ 30. Qf1 Qe3+ 31. Qf2 Qc1+ 32.
Kg2 Qh6 33. Qe2+ Kd8 34. h4 Qg6 35. Qe3 Qf5 36. d6 cxd6 37. Qxb6+ Kc8 38. Qxd6
Qg4 39. Qf8+ Kc7 40. Qc5+ Bc6+ 41. Kf2 Qf3+ 42. Ke1 Qxg3+ 43. Qf2 Qe5+ 44. Qe2
Qg3+ 45. Qf2 1/2-1/2